| 000 | 01978nam a2200397 c 4500 | ||
|---|---|---|---|
| 001 | 58757 | ||
| 003 | CO-BoRNBP | ||
| 005 | 20250827221830.0 | ||
| 007 | ta | ||
| 008 | 231129s2023 ck a |br|||| 00| 0 spa d | ||
| 020 | _a9789585690295 | ||
| 040 |
_aCO-BoRNBP _bspa _erda _cCO-BoRNBP |
||
| 041 | 0 | _hspa | |
| 043 | _as-mx--- | ||
| 084 | _aC | ||
| 245 | 0 | 0 |
_aRelatos del río : _bhistorias en comunidad alrededor del agua y la vida / _cAlfredo Flores [y otros diecisiete] ilustrado por Aura Gaitán [y otros ocho]. |
| 250 | _aEdición especial | ||
| 264 | 1 |
_aBogotá, Colombia : _bEditorial Tagigo, _c2023 |
|
| 300 |
_a47 páginas : _bilustraciones a color |
||
| 336 |
_atexto _btxt _2rdacontent |
||
| 337 |
_asin mediación _bn _2rdamedia |
||
| 338 |
_avolumen _bnc _2rdacarrier |
||
| 520 | _aCompilación de narraciones propias de comunidades y autores que nos comparten saberes y filosofías de las culturas Murui-Muina, Bora, Inga, Cofán y Afrovalluna del territorio colombiano, así como un relato de la cultura Cucapáh del norte de México. Todos estos mensajes conviven alrededor de la experiencia, la sabiduría y la cultura que crece y florece a orilla de los ríos, un territorio que define a las comunidades que lo habitan. Esperamos que esta colección de mensajes enviados al Colibrí resuene en el lector, para que juntos podamos recordar e imaginar otros mundos posibles | ||
| 521 | _aRecomendado para un público infantil a partir de los 6 años | ||
| 650 | 0 | 4 |
_aCuentos infantiles mexicanos _ySiglo XXI _2LEMB |
| 650 | 0 | 7 |
_aIndigenas de México _2lemb |
| 650 | 0 | 7 |
_aLibros ilustrados para niños _2LEMB _92001 |
| 650 | 0 | 4 |
_aLiteratura infantil mexicana _ySiglo XXI _2LEMB |
| 700 |
_aAlarcón, Alejandra _eill _958477 |
||
| 700 |
_aCampos, Ocarina _eill |
||
| 700 |
_aFiagama, Leocadia _eaut _958474 |
||
| 700 |
_aPacheco, Camila _eaut _958476 |
||
| 700 |
_aSánchez, Erlindo _eaut _958475 |
||
| 700 |
_aSarmiento, Sara _eill _958478 |
||
| 942 |
_2loc _cBKLITI |
||
| 999 |
_c58757 _d58757 |
||